¿Qué es el sexo? / (Record no. 15890)

MARC details
000 -LEADER
campo de control de longitud fija 00839nam a2200289 i 4500
001 - NÚMERO DE CONTROL
campo de control 15890
003 - IDENTIFICADOR DE NÚMERO DE CONTROL
campo de control ES-MaACL
005 - FECHA Y HORA DE LA ÚLTIMA TRANSACCIÓN
campo de control 20230906151201.0
007 - CAMPO FIJO DE DESCRIPCIÓN FÍSICA--INFORMACIÓN GENERAL
campo de control de longitud fija t|
008 - DATOS DE LONGITUD FIJA--INFORMACIÓN GENERAL
campo de control de longitud fija 000516s1998 sp ||||0| spa j
020 ## - NÚMERO INTERNACIONAL ESTÁNDAR DEL LIBRO
Número Internacional Estándar del Libro 84-8310-608-6
040 ## - FUENTE DE CATALOGACIÓN
Centro catalogador/agencia de origen M-BN
Lengua de catalogación spa
Centro/agencia transcriptor M-BN
080 ## - NÚMERO DE LA CLASIFICACIÓN DECIMAL UNIVERSAL
Número de la Clasificación Decimal Universal 613.88
100 1# - ENTRADA PRINCIPAL--NOMBRE DE PERSONA
Nombre de persona Margulis, Lynn.
9 (RLIN) 76641
245 10 - MENCIÓN DEL TÍTULO
Título ¿Qué es el sexo? /
Mención de responsabilidad, etc. Lynn Margulis y Dorion Sagan ; [traducción, Ambrosio García Leal].
250 ## - MENCION DE EDICION
Mención de edición 1ª ed.
260 ## - PUBLICACIÓN, DISTRIBUCIÓN, ETC.
Lugar de publicación, distribución, etc. Barcelona :
Nombre del editor, distribuidor, etc. Tusquets,
Fecha de publicación, distribución, etc. 1998.
300 ## - DESCRIPCIÓN FÍSICA
Extensión 256 p :
Otras características físicas il. col ;
Dimensiones 26 cm.
490 1# - MENCIÓN DE SERIE
Mención de serie Metatemas ;
Designación de volumen o secuencia 55
650 #4 - PUNTO DE ACCESO ADICIONAL DE MATERIA--TÉRMINO DE MATERIA
Término de materia o nombre geográfico como elemento de entrada Sexualidad.
9 (RLIN) 17078
700 1# - ENTRADA AGREGADA--NOMBRE PERSONAL
Nombre de persona Sagan, Dorion.
9 (RLIN) 101400
700 1# - ENTRADA AGREGADA--NOMBRE PERSONAL
Nombre de persona García Leal, Ambrosio.
9 (RLIN) 54814
830 0# - PUNTO DE ACCESO ADICIONAL DE SERIE-TÍTULO UNIFORME
Título uniforme Metatemas ;
Designación de volumen o secuencia 55
9 (RLIN) 178413
852 ## - LOCALIZACIÓN
Ubicación ES-MaACL
Número de control de estantería L-22823
Sublocalización o colección R.128023
Holdings
Estatus retirado Estado de pérdida Estado de daño No para préstamo Biblioteca de origen Biblioteca actual Ubicación en estantería Fecha de adquisición Fuente de adquisición Total de préstamos Signatura topográfica completa Código de barras Visto por última vez Precio de reemplazo Tipo de ítem Koha
        Biblioteca del Ateneo de Madrid Biblioteca del Ateneo de Madrid Depósito 2 17/01/2008     L-22823 1016150 23/02/2023 23/02/2023 Libro impreso